000 00723nam a2200229Ia 4500
003 OSt
005 20220923220259.0
006 a|||||r|||| 00| 0
007 ta
008 220922b |||||||| |||| 00| 0 hin d
024 _a185,661
037 _cTextual
040 _aARTS
_cARTS
_bhin
041 _2hin
_ahin
082 _aY1:1.2.B1, 152J8;2
100 _aव्यास, शंतिकुमार नानूराम
_9162028
245 0 _aरामायण कालीन समाज
246 _aRāmāyaṇ kālīn samāja
260 _c1958
942 _hY1:1.2.B1, 152J8;2
_cTEXL
_2CC
999 _c338907
_d338907